[Event "Bad Sooden-Allendorf Seniors op 14th"]
[Site "Bad Sooden-Allendorf"]
[Date "2002.04.29"]
[Round "8"]
[White "Franck, Rudolf"]
[Black "Vielau, Wolf Dietrich"]
[Result "1-0"]
[WhiteElo "2179"]
[BlackElo "1947"]
[PlyCount "75"]
[EventDate "2002.04.??"]
[EventType "swiss"]
[EventRounds "9"]
[EventCountry "GER"]
[SourceTitle "EXT 2006"]
[Source "ChessBase"]
[SourceDate "2005.11.24"]
[SourceVersion "1"]
[SourceVersionDate "2005.11.24"]
[SourceQuality "1"]

1. d4 Nf6 2. c4 d6 3. Nc3 Nbd7 4. e4 e5 5. d5 c6 6. Qc2 Be7 7. f3 h5 8. Be3 Nf8 9. 0-0-0 c5 10. g3 h4 11. Bh3 hxg3 12. hxg3 Ng6 13. Qa4+ Kf8 14. Qc2 Ne8 15. Kb1 Bg5 16. Qd2 Bxe3 17. Qxe3 a6 18. Rh2 Nc7 19. Rdd2 Bxh3 20. Nxh3 b5 21. f4 bxc4 22. Ng5 Ke7 23. f5 Rxh2 24. Rxh2 Nf8 25. Rh8 Ne8 26. Ne6 Nxe6 27. dxe6 fxe6 28. Qg5+ Kd7 29. fxe6+ Kc6 30. Qd2 Rb8 31. Qd5+ Kc7 32. Qxc4 Qg5 33. Qxa6 Qd2 34. Qa5+ Kb7 35. Rf8 Qd3+ 36. Kc1 Qe3+ 37. Kc2 Nc7 38. Rf7 1-0

[Event "Bad Sooden-Allendorf Seniors op 14th"]
[Site "Bad Sooden-Allendorf"]
[Date "2002.04.28"]
[Round "7"]
[White "Grams, Arthur"]
[Black "Vielau, Wolf Dietrich"]
[Result "0-1"]
[WhiteElo "1762"]
[BlackElo "1947"]
[PlyCount "90"]
[EventDate "2002.04.??"]
[EventType "swiss"]
[EventRounds "9"]
[EventCountry "GER"]
[SourceTitle "EXT 2006"]
[Source "ChessBase"]
[SourceDate "2005.11.24"]
[SourceVersion "1"]
[SourceVersionDate "2005.11.24"]
[SourceQuality "1"]

1. d4 Nf6 2. c4 d6 3. Nc3 Nbd7 4. Nf3 c6 5. e4 e5 6. Bg5 Be7 7. Be2 Qa5 8. Bd2 Qb6 9. Na4 Qc7 10. Nc3 0-0 11. 0-0 Re8 12. Rc1 Bf8 13. d5 Nc5 14. Qc2 a5 15. Be3 Ncd7 16. b3 Ng4 17. Nd1 Be7 18. Bg5 Bxg5 19. Nxg5 Ngf6 20. Nc3 h6 21. Nf3 Nh5 22. g3 Nf8 23. Qd1 Nf6 24. Nh4 Bh3 25. Re1 N8h7 26. Bf3 Ng5 27. Bg2 Bg4 28. Qd3 Qb6 29. Nf3 Bxf3 30. Bxf3 Qd4 31. Re3 Rad8 32. Kg2 cxd5 33. cxd5 Rc8 34. Rce1 Qb4 35. h4 Ngh7 36. Qb5 Rxc3 37. Qxb4 axb4 38. R3e2 Rec8 39. Rd1 Ne8 40. Rdd2 Nhf6 41. g4 g5 42. h5 Nc7 43. Kg3 Nb5 44. Re3 Nd4 45. Bg2 Rc2 0-1

[Event "Bad Sooden-Allendorf Seniors op 14th"]
[Site "Bad Sooden-Allendorf"]
[Date "2002.04.24"]
[Round "3"]
[White "Weigel, Herbert"]
[Black "Vielau, Wolf Dietrich"]
[Result "1-0"]
[WhiteElo "2096"]
[BlackElo "1947"]
[PlyCount "95"]
[EventDate "2002.04.??"]
[EventType "swiss"]
[EventRounds "9"]
[EventCountry "GER"]
[SourceTitle "EXT 2006"]
[Source "ChessBase"]
[SourceDate "2005.11.24"]
[SourceVersion "1"]
[SourceVersionDate "2005.11.24"]
[SourceQuality "1"]

1. e4 c6 2. d4 d6 3. Nc3 Nd7 4. f4 c5 5. Nf3 cxd4 6. Qxd4 Qa5 7. e5 Qc5 8. Nb5 Qxd4 9. Nfxd4 Kd8 10. exd6 exd6 11. Nf5 d5 12. Be3 a6 13. Nbd6 Bxd6 14. Nxd6 Ke7 15. Nf5+ Kf8 16. 0-0-0 Ngf6 17. Bd4 h5 18. Bd3 b6 19. b4 a5 20. a3 axb4 21. axb4 Ba6 22. b5 Bc8 23. Kb2 Nc5 24. Nd6 Bg4 25. Ra1 Nxd3+ 26. cxd3 Ke7 27. Be5 Nd7 28. Nb7 f6 29. Bd6+ Kf7 30. Rhe1 Be6 31. d4 g6 32. Rxa8 Rxa8 33. Bc7 Ra4 34. Nd8+ Kg8 35. Nxe6 Rb4+ 36. Kc2 Rxb5 37. Rb1 Ra5 38. Rb2 Ra4 39. Bxb6 Nxb6 40. Rxb6 Kf7 41. Nd8+ Ke8 42. Nc6 Ra2+ 43. Rb2 Ra6 44. Nb4 Ra5 45. Ra2 Rb5 46. Kc3 Kd7 47. Ra6 Ke7 48. Kb3 1-0